| 000 | 00476nam a2200121Ia 4500 | ||
|---|---|---|---|
| 008 | 160712s9999 xx 000 0 und d | ||
| 100 | _aPajarito, Bryan B. | ||
| 245 |
_cBryan B. Pajarito, _aEffect of Ingredient Loading on Surface Migration Kinetics of Additives in Vulcanized Natural Rubber Compounds |
||
| 260 |
_c2014 _bScience Diliman |
||
| 300 | _avol. 26 no. 2 | ||
| 650 | _xSCIENCE | ||
| 856 | _uhttp://journals.upd.edu.ph/index.php/sciencediliman/issue/view/465/showToc | ||
| 999 |
_c297215 _d297215 |
||